Evangelización y conquista : experiencia franciscana en Hispanoamérica /

El libro es análisis histórico sobre la participación de los franciscanos en el proceso de conquista y colonización de América.

Guardado en:
Detalles Bibliográficos
Autor principal: Gómez Canedo, Lino (autor)
Formato: Libro
Idioma:Español
Publicado: México : Porrúa, 1977, c1977
Colección:(Biblioteca Porrúa ; 65)
Temas:
Etiquetas: Agrega una etiqueta
Sin etiquetas, Sé el primero en etiquetar este registro!

MARC

LEADER 00000nam^a2200000^a^4500
001 000096044
005 20250521000000.0
009 20260526121736.523
037 |a Acervo ITESO - Biblioteca 
041 |a ESP 
082 |a 980. 013  |b GOM 
100 |a Gómez Canedo, Lino  |e (autor) 
245 1 0 |a Evangelización y conquista :  |b experiencia franciscana en Hispanoamérica /  |c L. Gómez Canedo. 
264 4 |a México :  |b Porrúa,  |c 1977, c1977 
300 |a XXIII, 393 p. 
336 |a texto  |b txt  |2 rdacontenido 
337 |a sin mediación  |b n  |2 rdamedio 
338 |a volumen  |b nc  |2 rdasoporte 
440 1 |a (Biblioteca Porrúa ;  |v 65) 
520 |a El libro es análisis histórico sobre la participación de los franciscanos en el proceso de conquista y colonización de América. 
649 |a XX 
650 |a Franciscanos en América -  |x Historia -  |y Epoca Colonial 
650 |a Monasticismo y Ordenes Religiosas -  |z América -  |x Historia -  |y Epoca Colonial 
650 |a Evangelización -  |z América -  |x Historia -  |y Epoca Colonial 
650 |a Iglesia Católica en América -  |x Historia -  |y Epoca Colonial 
650 |a Catolicismo -  |z América -  |x Historia -  |y Epoca Colonial 
650 |a Cristianismo -  |z América -  |x Historia -  |y Epoca Colonial 
650 |a Religión -  |z América -  |x Historia -  |y Epoca Colonial 
650 |a América -  |x Historia -  |y Epoca Colonial 
910 |a Fondo Jesús Rodríguez 
920 |a Impresos - Libros 
930 |a Fondos Especiales 
905 |a 113 
901 |a 0500030854  |b IT2  |c ESP  |u 20250521 
902 |a https://opac.biblio.iteso.mx/vufind/Record/000096044